Psicopatologia da vida quotidiana (Registo nº 36098)
[ vista simples ]
| 000 -Etiqueta do registo | |
|---|---|
| Valores | 00668cam a2200229 04500 |
| 010 ## - Número ISBN | |
| ISBN | 9727081185 |
| 021 ## - Número do Depósito Legal | |
| Código do país | Portugal |
| Número | 33769/90 |
| 100 ## - Dados gerais de processamento | |
| Dados gerais | 19910320d1990 m y0pory5003 ba |
| 101 1# - Língua de publicação | |
| Língua | Português |
| 102 ## - País de publicação | |
| País | Portugal |
| 200 1# - Titulo e menção de responsabilidade | |
| Título próprio | Psicopatologia da vida quotidiana |
| Primeira menção de responsabilidade | Sigmundo Freud |
| Outras menções de responsabilidade | trad. José Marinho |
| 210 #9 - Publicação | |
| Local de publicação | Lisboa |
| Nome do editor | Relógio d'Água, |
| Data de publicação | D.L. 1990 |
| 215 ## - Descrição física | |
| Paginação / Volumes | 308, [3] p. |
| Dimensões | 20 cm |
| 304 ## - Nota relativa ao título | |
| Texto de nota | Tít. orig. : Zur Psychopatologie des Altagslebens |
| 675 ## - CDU | |
| Notação | 159.96/.97 |
| Edição | BN |
| Língua | por |
| 700 ## - Autor principal | |
| Apelido | Freud, |
| Nome | Sigmund, |
| Datas | 1856-1939 |
| ID Autoridade | 6576 |
| 702 ## - Autor secundário | |
| Apelido | Marinho |
| Nome | José |
| Datas | 1904-1975 |
| Função | Tradutor |
| ID Autoridade | 2155 |
| 801 #0 - Fonte de origem | |
| País | PT |
| Agência | BN |
| Regras de catalogação | RPC |
| 090 ## - Tipo de documento | |
| Koha biblioitem number (autogenerated) | 36098 |
| 990 ## - Elementos KOHA | |
| Tipo de documento | Livro |
| 994 ## - Estado da catalogação | |
| Situação | Completo |
| Situação do levantamento | Situação do extravio | Biblioteca de origem | Biblioteca de empréstimo | Código de barras | Cota | Permissão de empréstimo | Tipo de documento | Forma de aquisição |
|---|---|---|---|---|---|---|---|---|
| Completo | Biblioteca Municipal de Viana Do Alentejo | Biblioteca Municipal de Viana Do Alentejo | 0034676 | 159.9 FRE | Disponível | Livro | Oferta |